A fondo: sistemas expertos
محفوظ في:
| المؤلف الرئيسي: | |
|---|---|
| التنسيق: | كتاب |
| اللغة: | الإسبانية |
| منشور في: |
Madrid
Anaya Multimedia
1989
|
| الموضوعات: | |
| الوسوم: |
إضافة وسم
لا توجد وسوم, كن أول من يضع وسما على هذه التسجيلة!
|
MARC
| LEADER | 00000nam a2200000 a 4500 | ||
|---|---|---|---|
| 001 | UCW4647 | ||
| 003 | CL-VaPUC | ||
| 008 | 900611e19890000SP |||||||||||||||||spa|d | ||
| 082 | 0 | 4 | |a 006.3 |b FRE |2 21 |
| 100 | 0 | |a Frenzel, Louis E |e author |9 309434 | |
| 245 | 1 | 0 | |a A fondo: sistemas expertos |
| 300 | |a 213 p | ||
| 942 | |c BK | ||
| 945 | |d 19900611 00:00:00 | ||
| 260 | |a Madrid |b Anaya Multimedia |c 1989 | ||
| 650 | 7 | |a INTELIGENCIA ARTIFICIAL |2 CL-VaPUC |9 309435 | |
| 650 | 7 | |a SISTEMAS EXPERTOS CIENCIA DE LA COMPUTACION |2 CL-VaPUC |9 262408 | |
| 583 | |a last modification |c 19900611 00:00:00 |k Rodrigo Vera | ||
| 999 | |c 218317 |d 218315 | ||
| 952 | |0 0 |1 0 |4 0 |6 006_300000000000000_FRE_1989 |7 0 |8 P |9 207669 |a BIBEDU |b BIBEDU |c BIBEDU_PB |d 2019-11-15 |i 2754711 |o 006.3 FRE 1989 |p 2754711 |r 2024-01-25 |w 2019-11-15 |y BK |k EDU | ||